Pradeep's Fundamentals Physics (Record no. 31816)

MARC details
000 -LEADER
fixed length control field 00854nam a22002297a 4500
008 - FIXED-LENGTH DATA ELEMENTS--GENERAL INFORMATION
fixed length control field 091115t xxu||||| |||| 00| 0 eng d
010 ## - LCCN (DPL NO)
LC control number B-358659
020 ## - INTERNATIONAL STANDARD BOOK NUMBER
Terms of availability 706-00
035 ## - SYSTEM CONTROL NUMBER
System control number B-358659
037 ## - SOURCE OF ACQUISITION
Stock number UBH
Source of stock number/acquisition RP/CL/E;19/87/10-09-09/16-09-09/18-09-09/30-09-09
040 ## - CATALOGING SOURCE
Original cataloging agency dpl
Language of cataloging eng
082 ## - DEWEY DECIMAL CLASSIFICATION NUMBER
Classification number 530
100 ## - MAIN ENTRY--PERSONAL NAME
Personal name Gomber,K.L
245 ## - TITLE STATEMENT
Title Pradeep's Fundamentals Physics
Statement of responsibility, etc by K.L.Gomber & K.L.Gogia
250 ## - EDITION STATEMENT
Edition statement 13thed
260 ## - PUBLICATION, DISTRIBUTION, ETC. (IMPRINT)
Place of publication, distribution, etc New Delhi
Name of publisher, distributor, etc Pradeep Publication
Date of publication, distribution, etc 2009
270 ## - ADDRESS
Address 7/28 Mahavir street Ansari road Daryaganj
City Delhi
Postal code 110002
Telephone number 23273595
300 ## - PHYSICAL DESCRIPTION
Extent Various pgs.
Other physical details 24cm
942 ## - ADDED ENTRY ELEMENTS (KOHA)
Source of classification or shelving scheme Dewey Decimal Classification
Item type English Books
Classification part 530
Call number suffix GOM
Holdings
Withdrawn status Lost status Source of classification or shelving scheme Damaged status Not for loan Home library Current library Date acquired Source of acquisition Cost, normal purchase price Total Checkouts Full call number Barcode Date last seen Cost, replacement price Koha item type
    Dewey Decimal Classification     Central Library Central Library 23/09/2009 RP/CL 706.00   530 GOM B-358659 15/11/2009 706.00 English Books

© Delhi Public Library
Hit Counter
free hit counter